| 000 | 01934nam0a2200349 4500 | ||
|---|---|---|---|
| 001 | RU\NLR\bibl\92074 | ||
| 005 | 20260407055537.0 | ||
| 010 |
_a5-89678-016-8 _9100 |
||
| 021 |
_aRU _b2000-12389 _9608 |
||
| 035 | _a(NLR Aleph) 000089994 | ||
| 090 |
_a504595 _c504595 |
||
| 100 | _a20000614d2000 |||y0rusy50 ca | ||
| 101 | 0 | _arus | |
| 102 | _aRU | ||
| 105 | _ay ||||||||| | ||
| 200 | 1 |
_aПроблемы творчества А.С. Пушкина _eМатериалы науч. конф. преподавателей Сев. междунар. ун-та, посвящ. 200-летию со дня рождения А.С. Пушкина, Магадан, 28 мая - 1 июня 1999 г. _e[Сб. докл.] _fМ-во образования РФ, Сев. междунар. ун-т _gОтв. ред. к.филол.н., доц. Г.А. Склейнис |
|
| 210 |
_aМагадан _cКордис _d2000 |
||
| 215 |
_a62,[1] с. _d20 |
||
| 320 | _aБиблиогр. в подстроч. прим. | ||
| 600 | 1 |
_aПушкин _bА.С. _f1799 - 1837 _gАлександр Сергеевич _jСборники _91155086 _3RU\NLR\auth\66143362 |
|
| 600 | 1 |
_aПушкин _bА.С. _f1799 - 1837 _gАлександр Сергеевич _jСъезды, совещания и т.п. _91155086 _3RU\NLR\auth\66143362 |
|
| 686 | _aШ5(2=Р)51-4Пушкиня431 | ||
| 702 | 1 |
_4570 _7ca _8rus _aПушкин _bА. С. _cпоэт _f1799-1837 _gАлександр Сергеевич _9110441 _3RU\NLR\auth\77386 |
|
| 702 | 1 |
_aСклейнис _bГ. А. _4340 |
|
| 711 | 0 | 2 |
_aСеверный международный университет _bНаучная конференция преподавателей _cМагадан _f1999 _9550485 _3RU\NLR\AUTH\8810026130 |
| 801 | 0 |
_aRU _bNLR _c20000614 _gPSBO |
|
| 801 | 1 |
_aRU _bNLR _c20000614 |
|
| 852 |
_aNLR _j2000-4/2181 |
||
| 942 | _cBOOK | ||
| 980 | _aNB | ||